ARRUPE JESUIT UNIVERSITY

CORONAVIRUS -STOP THE SPREAD - CLEAN,DISINFECT,COVER

An introduction to logic / (Record no. 117979)

MARC details
000 -LEADER
fixed length control field 00719pam a2200241 a 4500
001 - CONTROL NUMBER
control field 2860264
003 - CONTROL NUMBER IDENTIFIER
control field ARRUPE
005 - DATE AND TIME OF LATEST TRANSACTION
control field 20140215020009.0
008 - FIXED-LENGTH DATA ELEMENTS--GENERAL INFORMATION
fixed length control field 850801s1986 njua b 001 0 eng
010 ## - LIBRARY OF CONGRESS CONTROL NUMBER
LC control number 85019127
020 ## - INTERNATIONAL STANDARD BOOK NUMBER
International Standard Book Number 0134862597
040 ## - CATALOGING SOURCE
Original cataloging agency DLC
Transcribing agency DLC
Modifying agency DLC
050 00 - LIBRARY OF CONGRESS CALL NUMBER
Classification number BC71
Item number .D27 1986
082 00 - DEWEY DECIMAL CLASSIFICATION NUMBER
Classification number 160
Edition number 19
300 ## - PHYSICAL DESCRIPTION
Other physical details ill. ;
Dimensions 25 cm.
100 1# - MAIN ENTRY--PERSONAL NAME
Personal name Davis, Wayne A.,
Dates associated with a name 1951-
9 (RLIN) 1010
245 13 - TITLE STATEMENT
Title An introduction to logic /
Statement of responsibility, etc Wayne A. Davis.
260 ## - PUBLICATION, DISTRIBUTION, ETC. (IMPRINT)
Place of publication, distribution, etc Englewood Cliffs, N.J. :
Name of publisher, distributor, etc Prentice-Hall,
Date of publication, distribution, etc c1986.
300 ## - PHYSICAL DESCRIPTION
Extent xx, 585 p. :
504 ## - BIBLIOGRAPHY, ETC. NOTE
Bibliography, etc Includes bibliographical references and index.
650 #0 - SUBJECT ADDED ENTRY--TOPICAL TERM
Topical term or geographic name as entry element Logic.
9 (RLIN) 1011
906 ## - LOCAL DATA ELEMENT F, LDF (RLIN)
a 7
b cbc
c orignew
d 1
e ocip
f 19
g y-gencatlg
942 ## - ADDED ENTRY ELEMENTS (KOHA)
Source of classification or shelving scheme Library of Congress Classification
Koha item type Monograph ( Printed materials)
Koha issues (borrowed), all copies 1
Holdings
Withdrawn status Lost status Source of classification or shelving scheme Damaged status Not for loan Home library Current library Date acquired Total Checkouts Full call number Barcode Checked out Date last seen Date checked out Price effective from Koha item type
    Library of Congress Classification     ARRUPE LIBRARY ARRUPE LIBRARY 24/09/2013 10 BC71 .D27 1986 46411346 28/11/2022 14/11/2022 14/11/2022 24/09/2013 Monograph ( Printed materials)

 

Arrupe Library. PO Box MP320 Mt Pleasant, Harare, Zimbabwe
263 242 745411|librarian@aju.ac.zw